Empleo y desigualdad urbanos bajo el libre mercado: consecuencias del experimento neoliberal /

Se reúne evidencia sobre la forma en que han evolucionado diferentes aspectos de la vida urbana en América Latina durante las últimas décadas. El periodo coincide con un cambio dramático del modelo de sustitución de importaciones por un nuevo modelo de libre mercado inspirado en la economia ortodoxa...

Cijeli opis

Spremljeno u:
Bibliografski detalji
Glavni autor: Portes, Alejandro
Daljnji autori: Roberts, Bryan R.
Format: Tekst
Teme:
Oznake: Dodaj oznaku
Bez oznaka, Budi prvi tko označuje ovaj zapis!

MARC

LEADER 00000 a a2200000 04500
001 10755
003
040
100 |a Portes, Alejandro  
245 |a Empleo y desigualdad urbanos bajo el libre mercado:   |b consecuencias del experimento neoliberal /  |c Alejandro Portes 
520 |a Se reúne evidencia sobre la forma en que han evolucionado diferentes aspectos de la vida urbana en América Latina durante las últimas décadas. El periodo coincide con un cambio dramático del modelo de sustitución de importaciones por un nuevo modelo de libre mercado inspirado en la economia ortodoxa. Este cambio político y económico trascendental no podía dejar de tener correlatos significativos. En el presente artículo se plantea una serie de predicciones experimentales sobre los vínculos entre las nuevas políticas y la evolución de los mercados laborales urbanos y olas tendencias de la pobreza y la desigualdad  
650 |a MEDIO URBANO  
650 |a DESIGUALDAD SOCIAL  
650 |a POBREZA  
650 |a NEOLIBERALISMO  
650 |a POLITICA ECONOMICA  
650 |a LIBERALIZACION ECONOMICA  
650 |a LIBERALIZACION DE MERCADOS FINANCIEROS  
650 |a PRIVATIZACION  
650 |a MERCADO DE TRABAJO  
650 |a OPORTUNIDADES DE EMPLEO  
650 |a DESEMPLEO  
650 |a TRABAJO MARGINAL  
650 |a MERCADO DE TRABAJO  
650 |a DESEMPLEO  
650 |a POBREZA  
650 |a DESIGUALDAD ECONOMICA  
700 |a Roberts, Bryan R.  
773 |g número 193; páginas 76-96  
999 |c 23063  |d 23063